LEADER 02087oam 2200541K 450 001 9910712931903321 005 20180924051330.5 024 8 $aGOVPUB-C13-6462af3a675c60734ba958db3cd3be52 035 $a(CKB)5470000002498876 035 $a(OCoLC)742398881 035 $a(OCoLC)995470000002498876 035 $a(EXLCZ)995470000002498876 100 $a20110725d1979 ua 0 101 0 $aeng 135 $aurun||||a|a|| 181 $ctxt$2rdacontent 182 $cc$2rdamedia 183 $acr$2rdacarrier 200 14$aThe development of an improved compression test method for wall panels $eprepared for Division of Energy, Building Technology, and Standards, Office of Policy Development and Research, Department of Housing and Urban Development ... /$fC.W.C. Yancey, L.E. Cattaneo 210 1$a[Washington] :$cU.S. Dept. of Commerce, National Bureau of Standards :$cFor sale by the Supt. of Docs., U.S. Govt. Print. Off.,$d1978 i.e. 1979. 215 $a1 online resource (iv, 103 pages) $cillustrations 225 1 $aNBS building science series ;$v95 300 $aContributed record: Metadata reviewed, not verified. Some fields updated by batch processes. 320 $aIncludes bibliographical references. 517 $aDevelopment of an improved compression test method for wall panels 606 $aCompressibility 606 $aWall panels$xTesting 606 $aCompressibility$2fast 606 $aWall panels$xTesting$2fast 615 0$aCompressibility. 615 0$aWall panels$xTesting. 615 7$aCompressibility. 615 7$aWall panels$xTesting. 676 $a690/.02/18 s 676 $a690/.12/0287 700 $aYancey$b C. W. C$01390309 702 $aCattaneo$b L. E. 712 02$aUnited States.$bNational Bureau of Standards. 801 0$bOCLCE 801 1$bOCLCE 801 2$bOCLCQ 801 2$bOCLCF 801 2$bOCLCO 801 2$bOCLCQ 906 $aBOOK 912 $a9910712931903321 996 $aThe development of an improved compression test method for wall panels$93444466 997 $aUNINA LEADER 04747nam 2200673 450 001 9910794814703321 005 20221011183952.0 010 $a3-11-052112-1 010 $a3-11-052168-7 024 7 $a10.1515/9783110521689 035 $a(CKB)4340000000191238 035 $a(DE-B1597)473851 035 $a(OCoLC)999367571 035 $a(DE-B1597)9783110521689 035 $a(Au-PeEL)EBL4915770 035 $a(CaPaEBR)ebr11412748 035 $a(OCoLC)994356076 035 $a(MiAaPQ)EBC4915770 035 $a(PPN)231231547 035 $a(EXLCZ)994340000000191238 100 $a20170809h20172017 uy 0 101 0 $ager 135 $aurcnu|||||||| 181 $2rdacontent 182 $2rdamedia 183 $2rdacarrier 200 00$aImagines antiquitatis $erepresentations, concepts, receptions of the past in Roman antiquity and the early Italian renaissance /$feditors, Stefano Rocchi, Cecilia Mussini 210 1$aBerlin :$cDe Gruyter,$d2017. 210 4$d©2017 215 $a1 online resource (viii, 327 pages) 225 1 $aPhilologus. Supplemente =$aPhilologus. Supplementary,$x2199-0255 ;$vVolume 7 311 0 $a3-11-051780-9 320 $aIncludes bibliographical references and index. 327 $tFrontmatter --$tPreface --$tContents --$tList of Abbreviations --$tIntroduction /$rRocchi, Stefano / Mussini, Cecilia --$tI. Thinking the past: categories and structures of the antique --$tMankind's Past: Evolution or Progress? /$rKonstan, David --$tSemantica senecana del primitivo /$rMazzoli, Giancarlo --$tQuando i romani 'scoprirono' gli armeni: il re Tigran e la tigre (Varrone, ling. 5.100) --$tThe past in Pausanias: its narration, structure and relationship with the present /$rSchreyer, Julian --$tTarda antichità anacronica. Tra storiografia e panegirico /$rFormisano, Marco --$tII. Functionalizations of the past --$tLivy's antiquities: rethinking the distant past in the Ab urbe condita /$rFabrizi, Virginia --$tPrinceps et res publica: Des multiples façons de se référer au passé /$rMoatti, Claudia --$tApud antiquos. La ricostruzione dell'antichità nell'insegnamento di Poliziano /$rMussini, Cecilia --$tI nuovi antichi. Classicismo e petrarchismo fra Bembo e Tasso /$rRegn, Gerhard --$tIII. Veteres: the relation to past authorities --$tThe Burden of Antiquity in Horace and in the Dialogus de oratoribus /$rRocchi, Stefano --$tFronto's and Gellius' veteres /$rHolford-Strevens, Leofranc --$tVetustas e antiquitas, veteres e antiqui nei grammatici latini /$rDe Nonno, Mario --$tQuando i giuristi diventarono 'veteres'. Augusto e Sabino, i tempi del potere e i tempi della giurisprudenza /$rMantovani, Dario --$tConvertire l'enciclopedia: Agostino e Varrone /$rGasti, Fabio --$tIndex Nominum et Rerum Potiorum 330 $aIn the last few years a reconsideration of the past of the ancients and of the concepts correlated to it (e.g. the ?classical?) has been important to many scholars. The present volume adds to the range of perspectives on the antique by expanding research to include different, hitherto unexplored spheres, whether that be chronological perspectives or disciplinary ones, as well as by opening up the discussion to include textual types that previous studies have treated little or not at all. Fourteen essays on various fields aim at defining the categories in which the past is constructed, thought, valued, functionalized and redrawn. They concentrate on the category of the ?antique? and the role it plays in texts and authors, with specific reference to the ?topicalization?, conceptualization and renegotiation of the ?antique? and the ?ancients?. The textual types analysed belong to the following fields: ancient philosophy and history of ideas, ethnography, historiography and antiquarianism, literature and philology, grammar and Roman law, Renaissance studies. 410 0$aPhilologus (Berlin, Germany).$pSupplemente ;$v7. 606 $aCivilization, Classical$xInfluence 606 $aClassical literature$xAppreciation 606 $aCivilization, Ancient, in art 606 $aRenaissance$xClassical influences 607 $aRome$xCivilization 610 $aAntiquity. 610 $acanonicity. 610 $amemory. 610 $apast. 615 0$aCivilization, Classical$xInfluence. 615 0$aClassical literature$xAppreciation. 615 0$aCivilization, Ancient, in art. 615 0$aRenaissance$xClassical influences. 676 $a907.2 702 $aMussini$b Cecilia 702 $aRocchi$b Stefano$f1980- 801 0$bMiAaPQ 801 1$bMiAaPQ 801 2$bMiAaPQ 906 $aBOOK 912 $a9910794814703321 996 $aImagines antiquitatis$93711537 997 $aUNINA